Logo BPK

Biblioteka

Politechniki Koszalińskiej

Nekotorye prilożenija teorii kapilljarnosti pri fizikochimiceskom issledovanii rasplavov / (Rekord nr 26387)

Szczegóły MARC
000 -ETYKIETA REKORDU
podpole kontrolne o stałej długości 00494nam a2200169 i 4500
001 - NUMER KONTROLNY REKORDU
pole kontrolne bg
040 ## - ŹRÓDŁO KATALOGOWANIA
Instytucja, która utworzyła rekord BPK
041 ## - KOD JĘZYKA
Kod języka tekstu pol
080 ## - UNIWERSALNA KLASYFIKACJA DZIESIĘTNA - UKD
UKD 532.6:669
008 - POLE O STAŁEJ DŁUGOŚCI - DANE KONTROLNE
podpole kontrolne o stałej długości s pl f |000 0 pol
100 1# - NAZWA OSOBOWA
Nazwa osobowa CHANTADZE, D. V.
245 #0 - TYTUŁ/ODPOWIEDZIALNOŚĆ
Tytuł Nekotorye prilożenija teorii kapilljarnosti pri fizikochimiceskom issledovanii rasplavov /
Pozostałe elementy strefy tytułu i oznaczenia odpowiedzialności D.V. Chantadze, E.G. Onikasvili, F.N. Tavadze.
260 ## - STREFA ADRESU WYDAWNICZEGO
Miejsce wydania Tbilisi,
Data publikacji, dystrybucji/powstania dokumentu 1971.
700 1# - HASŁO DODATKOWE - NAZWA OSOBOWA
Nazwa osobowa ONIKASVILI, E. G.
700 1# - HASŁO DODATKOWE - NAZWA OSOBOWA
Nazwa osobowa TAVADZE, F. N.
856 ## - LOKALIZACJA I DOSTĘP DO ELEKTRONICZNYCH DOKUMENTÓW ZDALNYCH
Link (URL) http://koha.tu.koszalin.pl/cgi-bin/koha/opac-detail.pl?biblionumber=26387
Tekst linku Katalog online BPK
942 ## - DODATKOWE ELEMENTY (KOHA)
Typ dokumentu Książka
Egzemplarze
Wycofany Status egzemplarza Uszkodzony Dostępność Lokalizacja stała Lokalizacja bieżąca Numer ubytku Sygnatura Kod kreskowy Typ dokumentu Miejsce przechowywania
  Egz. niedostępny   Niedostępny Biblioteka Politechniki Koszalińskiej Biblioteka Politechniki Koszalińskiej 11724 17707 01713909 Książka  
      Dostępny Biblioteka Politechniki Koszalińskiej Biblioteka Politechniki Koszalińskiej   17708 01713916 Książka Wypożyczalnia BG
© 2023 Biblioteka Politechniki Koszalińskiej :: KOHA